MARC details
| 000 -LEADER |
| fixed length control field |
03732cam a22003615a 4500 |
| 001 - CONTROL NUMBER |
| control field |
L156104 |
| 008 - FIXED-LENGTH DATA ELEMENTS--GENERAL INFORMATION |
| fixed length control field |
090303s2012 xxk f 001 0 eng d |
| 020 ## - INTERNATIONAL STANDARD BOOK NUMBER |
| International Standard Book Number |
9781842197684 |
| 035 ## - SYSTEM CONTROL NUMBER |
| System control number |
(Sirsi) u156104 |
| 041 0# - LANGUAGE CODE |
| Language code of text/sound track or separate title |
eng |
| 050 04 - LIBRARY OF CONGRESS CALL NUMBER |
| Classification number |
692.3095 |
| 110 2# - MAIN ENTRY--CORPORATE NAME |
| Corporate name or jurisdiction name as entry element |
Royal Institution of Chartered Surveyors |
| 9 (RLIN) |
4900 |
| 240 ## - UNIFORM TITLE |
| Uniform title |
NRM 1 |
| 245 00 - TITLE STATEMENT |
| Title |
NRM 1 |
| Remainder of title |
RICS new rules of measurement |
| -- |
order of cost estimating cost planning for capital building works |
| Statement of responsibility, etc. |
[old edition] |
| 250 ## - EDITION STATEMENT |
| Edition statement |
2nd |
| 260 ## - PUBLICATION, DISTRIBUTION, ETC. |
| Place of publication, distribution, etc. |
Coventry, |
| Name of publisher, distributor, etc. |
RICS, |
| Date of publication, distribution, etc. |
2012 |
| 300 ## - PHYSICAL DESCRIPTION |
| Extent |
viii, 383p. |
| Other physical details |
ill. |
| Dimensions |
30cm. |
| 350 ## - PRICE (NR) (BK AM CF MU VM SE) [OBSOLETE] |
| Price |
45 |
| 490 #0 - SERIES STATEMENT |
| Series statement |
RICS Guidance Note |
| 505 2# - FORMATTED CONTENTS NOTE |
| Formatted contents note |
Foreword -- Introduction -- Part 1, general: introduction; order of cost estimating and elemental cost planning in context with the RIBA Plan of Work and OGC Gateway Process; symbols, abbreviations and definitions |
| 505 2# - FORMATTED CONTENTS NOTE |
| Formatted contents note |
Part 2, measurement rules for order of cost estimating: introduction; purpose of an order of cost estimate; information requirements for order of cost estimates; constituents of an order of cost estimate; measurement rules for building works; elemental method; unit rates and element unit rates (EURs) used to estimate the cost of building works; updating unit rates and other costs to current estimate base date; cost estimate for main constractor's preliminaries; cost estimate for main contractor's overheads and profit; project/design team fees; other development/project costs; risk allowances; inflation; Value Added Tax (VAT) assessment; other considerations; reporting of order of cost estimates |
| 505 2# - FORMATTED CONTENTS NOTE |
| Formatted contents note |
Part 3, measurement rules for elemental cost planning: introduction; purpose of elemental cost planning; constituents of an elemental cost plan; formal cost planning stages; reviewing and approving cost plans; cost control in procurement; building projects comprising multiple buildings; information requirements for formal cost plans; format, structure and content of elemental cost plans; measurement rules for building works; unit rates used to estimate the cost of building works; updating unit rates and other costs to current estimate base date; cost estimate for main contractor's preliminaries; cost estimate for main contractor's overheads and profit; project/design team fees; other development/project costs; risk allowances; inflation; Value Added Tax (VAT) assessment; other considerations; reporting of elemental cost plans |
| 505 2# - FORMATTED CONTENTS NOTE |
| Formatted contents note |
Part 4, tabulated rules of measurement for elemental cost planning: introduction; use of tabulated rules of mesurement for elemental cost planning; work not covered by the rules of measurement for elemental cost planning; method of codifying elemental cost plans; method of codifying elemental cost plans for works packages; tables -- Appendices -- Bibliography -- Index |
| 520 ## - SUMMARY, ETC. |
| Summary, etc. |
Provides fundamental guidance on the quantification of building works for the purpose of preparing cost estimates and cost plans. Also provides direction on how to quantify other items forming part of the cost of a construction project, but which are not reflected in the measurable building work items (e.g. preliminaries, overheads and profit, project team and design team fees, risk allowances, inflation etc.). Although the Rules are based on UK practice, the requirements for a coordinated set of rules and underlying philosophy behind each section have worldwide application. |
| 520 ## - SUMMARY, ETC. |
| Summary, etc. |
Superseded by 3rd edition, October 2021 (ISBN 9781783214242) |
| 521 ## - TARGET AUDIENCE NOTE |
| Target audience note |
Advanced |
| 650 24 - SUBJECT ADDED ENTRY--TOPICAL TERM |
| Topical term or geographic name entry element |
RICS NEW RULES OF MEASUREMENT |
| 650 24 - SUBJECT ADDED ENTRY--TOPICAL TERM |
| Topical term or geographic name entry element |
NEW RULES OF MEASUREMENT 1 |
| 651 #4 - SUBJECT ADDED ENTRY--GEOGRAPHIC NAME |
| Geographic name |
International |
| 690 ## - LOCAL SUBJECT ADDED ENTRY--TOPICAL TERM (OCLC, RLIN) |
| Topical term or geographic name as entry element |
Cost management |
| 9 (RLIN) |
6233 |
| 690 ## - LOCAL SUBJECT ADDED ENTRY--TOPICAL TERM (OCLC, RLIN) |
| Topical term or geographic name as entry element |
Construction management |
| 9 (RLIN) |
6230 |
| 942 ## - ADDED ENTRY ELEMENTS (KOHA) |
| Suppress in OPAC |
0 |
| Source of classification or shelving scheme |
Dewey Decimal Classification |